000 00382nam a2200169Ia 4500
008 220531s9999 xx 000 0 und d
041 _aeng
082 _bLAL
100 _aLall, Ramji
_947813
245 _aStructure Named Desire
260 _bAarati
_c2002
300 _a312
542 _d22-04-2002
650 _aEnglish
_947814
906 _d2002-2003
999 _c28028
_d28028